Les partis politiques en France (notice n° 1925034)

détails MARC
000 -LEADER
fixed length control field 01060cam a2200133 4500500
005 - DATE AND TIME OF LATEST TRANSACTION
control field 20260329023137.0
041 ## - LANGUAGE CODE
Language code of text/sound track or separate title fre
042 ## - AUTHENTICATION CODE
Authentication code dc
100 10 - MAIN ENTRY--PERSONAL NAME
Personal name Agrikoliansky, Éric
Relator term author
245 00 - TITLE STATEMENT
Title Les partis politiques en France
260 ## - PUBLICATION, DISTRIBUTION, ETC.
Name of publisher, distributor, etc. Armand Colin,<br/>
Date of publication, distribution, etc. 2016.<br/>
520 ## - SUMMARY, ETC.
Summary, etc. Cet ouvrage présente l’histoire et la sociologie des partis politiques français depuis la fin du XIXe siècle jusqu’à aujourd’hui. Il propose de nombreux outils pédagogiques indispensables à une connaissance précise des grands courants qui ont composé et composent le paysage politique français : chronologies, tableaux des résultats électoraux, portraits des principaux leaders. Cette nouvelle édition mise à jour offre une synthèse claire et accessible des outils théoriques nécessaires à l’analyse sociologique de l’activité des partis et des évolutions qui affectent le système politique français dans son ensemble.
856 41 - ELECTRONIC LOCATION AND ACCESS
Uniform Resource Identifier <a href="https://shs.cairn.info/les-partis-politiques-en-france--9782200613457?lang=fr&redirect-ssocas=7080">https://shs.cairn.info/les-partis-politiques-en-france--9782200613457?lang=fr&redirect-ssocas=7080</a>

Pas d'exemplaire disponible.

PLUDOC

PLUDOC est la plateforme unique et centralisée de gestion des bibliothèques physiques et numériques de Guinée administré par le CEDUST. Elle est la plus grande base de données de ressources documentaires pour les Étudiants, Enseignants chercheurs et Chercheurs de Guinée.

Adresse

627 919 101/664 919 101

25 boulevard du commerce
Kaloum, Conakry, Guinée

Réseaux sociaux

Powered by Netsen Group @ 2025